Normal view
MARC view
Entry Personal Name
001 - CONTROL NUMBER
- control field: 518
003 - CONTROL NUMBER IDENTIFIER
- control field: BD-RjUL
005 - DATE AND TIME OF LATEST TRANSACTION
- control field: 20220105105249.0
008 - FIXED-LENGTH DATA ELEMENTS
- fixed length control field: 220105|| aca||aabn | a|a d
040 ## - CATALOGING SOURCE
- Original cataloging agency: BD-RjUL
- Transcribing agency: BD-RjUL
100 ## - HEADING--PERSONAL NAME
- Personal name: রহমান, মোহাম্ম দ জিল্লুর, সংগ্রহাক ও সম্পাদক
670 ## - SOURCE DATA FOUND
- Source citation: Work cat.: (BD-RjUL)76202: বঙ্গবন্ধুকে নিয়ে কবিতাসমগ্র /, ২০১৯